Suministro de agua potable a las principales poblaciones del Canton de Coto Brus
محفوظ في:
| المؤلف الرئيسي: | |
|---|---|
| التنسيق: | غير معروف |
| منشور في: |
[San José, Costa Rica]
1981
|
| الموضوعات: | |
| الوسوم: |
إضافة وسم
لا توجد وسوم, كن أول من يضع وسما على هذه التسجيلة!
|
MARC
| LEADER | 00000 a2200000 4500 | ||
|---|---|---|---|
| 003 | 007979 | ||
| 005 | 20221231143743.0 | ||
| 008 | 140114s1981 cr a m 000 ||s d | ||
| 040 | |c cru CEDI | ||
| 090 | |a TFG 1034 | ||
| 100 | |a Alvarado Boirivant, Luis A. |9 15893 | ||
| 245 | |a Suministro de agua potable a las principales poblaciones del Canton de Coto Brus | ||
| 260 | |c 1981 |a [San José, Costa Rica] | ||
| 300 | |a [132] hojas : ilustraciones (algunas plegables) ; 27 cm | ||
| 500 | |a Proyecto de graduación (ingeniero civil)--Universidad de Costa Rica. | ||
| 650 | |x SUMINISTRO DE AGUA |x AGUA POTABLE |x COTO BRUS (PUNTARENAS, COSTA RICA) |9 15894 | ||
| 942 | |c TFG | ||
| 999 | |c 11294 |d 11294 | ||
